000 00962nam a2200241Ia 4500
999 _c5392
_d5392
003 OSt
005 20200619105116.0
008 191128s1988 ck fr 000 0 spa d
020 _a9589160077
040 _aCO-JMCR
_cCO-JMCR
041 0 _aspa
082 0 4 _a330.072 /
_bP258m
_223
100 1 _aParra Peña, Isidro,
_eautor
_95823
245 1 0 _aMedias verdades en la economía y el desarrollo /
_cIsidro Parra Peña
250 _aPrimera edición
260 _aBogotá :
_bUniversidad Distrital Francisco José de Caldas,
_c1988
300 _a156 páginas ;
_c19 cm.
504 _aBibliografía: páginas 153-156
505 0 _aPensamiento económico -- Los neoclásicos y el marginalismo microeconómico -- El keynesianismo -- La síntesis neoclásica -- Keynes en América Latina -- Los post-keynedianos -- Las ideologías y el pensamiento económico
650 1 4 _aTeoría económica
_95824
650 1 4 _aDesarrollo económico
_95825
942 _2ddc
_cBK